| 000 | 00900nam a22002297a 4500 | ||
|---|---|---|---|
| 003 | 0 | ||
| 005 | 20251104151103.0 | ||
| 008 | 251104b xxu||||| |||| 00| 0 eng d | ||
| 020 | _a978-1-4231-8364-8 | ||
| 050 |
_aBL 783 _b.R56 2014 |
||
| 100 |
_aRiordan, Rick, _eauthor. |
||
| 245 |
_aPercy Jackson’s Greek Gods / _cRick Riordan ; illustrated by John Rocco. |
||
| 250 | _aFirst edition. | ||
| 260 |
_aLos Angeles : _bDisney-Hyperion, _c2014. |
||
| 300 |
_aix, 318 pages : _bcolor illustrations ; _c32 cm. |
||
| 500 | _aIllustrated by John Rocco. | ||
| 520 | _aPercy Jackson, demigod son of Poseidon, retells the stories of the Greek gods with wit, sarcasm, and modern humor, providing background for the heroes of Olympus. | ||
| 650 |
_aMythology, Greek _vJuvenile literature. |
||
| 650 |
_aGods, Greek _vJuvenile literature. |
||
| 700 |
_aRocco, John, _eillustrator. |
||
| 942 |
_2lcc _cBK |
||
| 999 |
_c368462 _d368462 |
||